MARC details
| 000 -LEADER |
| fixed length control field |
02168nam a2200457Ia 4500 |
| 001 - CONTROL NUMBER |
| control field |
sjds457703 |
| 003 - CONTROL NUMBER IDENTIFIER |
| control field |
sjds |
| 005 - DATE AND TIME OF LATEST TRANSACTION |
| control field |
20170615112225.0 |
| 008 - FIXED-LENGTH DATA ELEMENTS--GENERAL INFORMATION |
| fixed length control field |
061205s2006 ck a j 000 1 spa d |
| 020 ## - INTERNATIONAL STANDARD BOOK NUMBER |
| International Standard Book Number |
958301737X |
| 020 ## - INTERNATIONAL STANDARD BOOK NUMBER |
| International Standard Book Number |
9789583017377 |
| 035 ## - SYSTEM CONTROL NUMBER |
| System control number |
(OCoLC)76881637 |
| 040 ## - CATALOGING SOURCE |
| Original cataloging agency |
TXN |
| Transcribing agency |
TXN |
| Modifying agency |
TXN |
| -- |
BAKER |
| -- |
SAP |
| -- |
BTCTA |
| -- |
IFA |
| -- |
UtOrBLW |
| 041 1# - LANGUAGE CODE |
| Language code of text/sound track or separate title |
spa |
| -- |
eng |
| Language code of original |
eng |
| 049 ## - LOCAL HOLDINGS (OCLC) |
| Holding library |
IFAA |
| 099 ## - LOCAL FREE-TEXT CALL NUMBER (OCLC) |
| Classification number |
ESPANOL PICTURE BOOKS RODRIGUEZ 2006 |
| 999 ## - SYSTEM CONTROL NUMBERS (KOHA) |
| Koha Dewey Subclass [OBSOLETE] |
ESPANOL PICTURE BOOKS RODRIGUEZ 2006 |
| 100 1# - MAIN ENTRY--PERSONAL NAME |
| Personal name |
Rodríguez, Antonio Orlando, |
| Dates associated with a name |
1956- |
| Relator term |
author. |
| 245 10 - TITLE STATEMENT |
| Title |
Qué extraños son los terrícolas! = |
| Remainder of title |
Earthlings, how weird they are! / |
| Statement of responsibility, etc. |
Antonio Orlando Rodríguez ; ilustraciones, Olga Cuéllar ; [traducción, Mercedes Guhl]. |
| 246 30 - VARYING FORM OF TITLE |
| Title proper/short title |
Earthlings, how weird they are! |
| 250 ## - EDITION STATEMENT |
| Edition statement |
1a edition. |
| 260 ## - PUBLICATION, DISTRIBUTION, ETC. (IMPRINT) |
| Place of publication, distribution, etc. |
Bogotá, Colombia : |
| Name of publisher, distributor, etc. |
Panamericana Editorial, |
| Date of publication, distribution, etc. |
2006. |
| 264 #1 - PRODUCTION, PUBLICATION, DISTRIBUTION, MANUFACTURE, AND COPYRIGHT NOTICE |
| Place of production, publication, distribution, manufacture |
Bogotá, Colombia : |
| Name of producer, publisher, distributor, manufacturer |
Panamericana Editorial, |
| Date of production, publication, distribution, manufacture, or copyright notice |
2006. |
| 300 ## - PHYSICAL DESCRIPTION |
| Extent |
51 pages : |
| Other physical details |
color illustrations ; |
| Dimensions |
27 cm |
| 336 ## - CONTENT TYPE |
| Content type term |
text |
| Content type code |
txt |
| Source |
rdacontent |
| 337 ## - MEDIA TYPE |
| Media type term |
unmediated |
| Media type code |
n |
| Source |
rdamedia |
| 338 ## - CARRIER TYPE |
| Carrier type term |
volume |
| Carrier type code |
nc |
| Source |
rdacarrier |
| 520 ## - SUMMARY, ETC. |
| Summary, etc. |
Tres científicos extraterrestres visitan la planeta Tierra y estudian, en secreto, las costumbres de sus habitantes, gente extraña por su falta de aprecio para un planeta tan maravilloso. |
| 520 ## - SUMMARY, ETC. |
| Summary, etc. |
Three aliens visit Earth and upon returning home report that earthlings are strange because they do not appreciate all of the beautiful and wonderful things on their planet. |
| 546 ## - LANGUAGE NOTE |
| Language note |
Parallel English and Spanish texts = Textos paralelos en inglés y español. |
| 650 #0 - SUBJECT ADDED ENTRY--TOPICAL TERM |
| Topical term or geographic name as entry element |
Human-alien encounters |
| Form subdivision |
Juvenile fiction. |
| 650 #0 - SUBJECT ADDED ENTRY--TOPICAL TERM |
| Topical term or geographic name as entry element |
Extraterrestrial beings |
| Form subdivision |
Juvenile fiction. |
| 650 #7 - SUBJECT ADDED ENTRY--TOPICAL TERM |
| Topical term or geographic name as entry element |
Encuentros humano-alienígena |
| Form subdivision |
Novela juvenil. |
| Source of heading or term |
local |
| 650 #7 - SUBJECT ADDED ENTRY--TOPICAL TERM |
| Topical term or geographic name as entry element |
Seres extraterrestres |
| Form subdivision |
Novela juvenil. |
| Source of heading or term |
bidex |
| 650 #0 - SUBJECT ADDED ENTRY--TOPICAL TERM |
| Topical term or geographic name as entry element |
Spanish language materials |
| General subdivision |
Bilingual |
| Form subdivision |
Juvenile literature. |
| 650 #7 - SUBJECT ADDED ENTRY--TOPICAL TERM |
| Topical term or geographic name as entry element |
Materiales bilingües en español |
| Form subdivision |
Literatura juvenil. |
| Source of heading or term |
bidex |
| 651 #0 - SUBJECT ADDED ENTRY--GEOGRAPHIC NAME |
| Geographic name |
Earth (Planet) |
| Form subdivision |
Juvenile fiction. |
| 651 #7 - SUBJECT ADDED ENTRY--GEOGRAPHIC NAME |
| Geographic name |
Tierra |
| Form subdivision |
Novela juvenil. |
| Source of heading or term |
bidex |
| 700 1# - ADDED ENTRY--PERSONAL NAME |
| Personal name |
Cuéllar, Olga, |
| Relator term |
illustrator. |
| 942 ## - ADDED ENTRY ELEMENTS (KOHA) |
| Koha item type |
Libro/Book |